000 00593nam a2200169 i 4500
001 141089
003 ES-MaACL
005 20230906200223.0
007 t|
008 070919s1976 sp ||||1| spa d
100 1 _aVital, David.
_9115499
245 1 3 _aLa desigualdad de los estados
_b: estudio de las pequeñas potencias en las relaciones internacionales /
_cDavid Vital ; traducción de Juan Valeri Busto.
260 _aMadrid :
_bInstituto de Estudios Políticos,
_c1976.
300 _a302 p. ;
_c22 cm.
700 1 _aValeri Busto, Juan.
_9112649
852 _aES-MaACL
_jA-6081
_bR.95153
999 _c141089
_d141089